Changing global dynamics : (Record no. 12851)
[ view plain ]
| 000 -LEADER | |
|---|---|
| fixed length control field | 00651nam a2200229 a 4500 |
| 001 - CONTROL NUMBER | |
| JCCL Control Number | 12851 |
| 003 - CONTROL NUMBER IDENTIFIER | |
| JCCL marc code | BD-JhCC |
| 005 - DATE AND TIME OF LATEST TRANSACTION | |
| control field | 20230518121133.0 |
| 008 - FIXED-LENGTH DATA ELEMENTS--GENERAL INFORMATION | |
| fixed length control field | 230518s2018 b a|||| |||| 001 0 eng d |
| 020 ## - INTERNATIONAL STANDARD BOOK NUMBER | |
| International Standard Book Number | 9789849233664 |
| 035 ## - SYSTEM CONTROL NUMBER | |
| system control number | (BD-JhCC)12851 |
| 040 ## - CATALOGING SOURCE | |
| Original cataloging agency | BD-JhCC |
| Modifying agency | BD-JhCC |
| 041 ## - LANGUAGE CODE | |
| Language code of Book | eng |
| 082 ## - DEWEY DECIMAL CLASSIFICATION NUMBER | |
| Classification number | 327.095492 |
| Author mark and Year | CHA 2018 |
| 245 ## - TITLE STATEMENT | |
| Title | Changing global dynamics : |
| Remainder of title | Bangladesh foreign policy / |
| Statement of responsibility, etc | ed. by A K M Abdur Rahman |
| 260 ## - PUBLICATION, DISTRIBUTION, ETC. (IMPRINT) | |
| Place of publication, distribution, etc | Dhaka : |
| Name of publisher, distributor, etc | Pathak Shamabesh, |
| Date of publication, distribution, etc | 2018 |
| 300 ## - PHYSICAL DESCRIPTION | |
| Pagination | 188 p. : |
| Other physical details | illus; |
| Dimensions | 22 cm. |
| 504 ## - BIBLIOGRAPHY, ETC. NOTE | |
| Bibliography, etc | Includes index. |
| 650 ## - SUBJECT ADDED ENTRY--TOPICAL TERM | |
| Topical term or geographic name as entry element | Foreign policy |
| Geographic subdivision | Bangladesh |
| 700 ## - ADDED ENTRY--PERSONAL NAME | |
| Personal name | Rahman, A K M Abdur |
| 942 ## - ADDED ENTRY ELEMENTS (KOHA) | |
| Source of classification or shelving scheme | Dewey Decimal Classification |
| Koha item type | Books |
| Source of classification or shelving scheme | Damaged status | Not for loan | Home library | Current library | Shelving location | Date of accession | Source of acquisition | Total Checkouts | Full call number | Barcode | Date last seen | Copy number | Method of acquisition | Koha item type | Currency |
|---|---|---|---|---|---|---|---|---|---|---|---|---|---|---|---|
| Dewey Decimal Classification | JCC Rouf Library | JCC Rouf Library | General Stacks | 05/18/2023 | Major General Md. Shafeenul Islam.ndc,psc | 327.095492 CHA 2018 | 17599 | 05/18/2023 | C-1 | Gift/Donation | Books | BDT |